000 00711nam a22001937a 4500
003 OSt
005 20260216105402.0
008 160222b xxu||||| |||| 00| 0 eng d
040 _cLahore University of Management Sciences
082 _a174.4 LUM 9982
100 _aAnwar Khurshid
_935681
245 _aIMPLEMENTING PERFORMANCE MANAGEMENT SYSTEM AT PACKAGES LIMITED
260 _aLahore
_bLahore University of Management Sciences
_c2008
300 _a35 p.
_bPapers
440 _aIMPLEMENTING PERFORMANCE MANAGEMENT SYSTEM AT PACKAGES LIMITED
_9133218
590 _6http://10.250.8.41:8080/xmlui/handle/123456789/56777
856 _uhttp://10.250.8.41:8080/xmlui/handle/123456789/56777
942 _2ddc
_cCS
999 _c351190
_d351190